000 01125nam a2200241Ia 4500
008 0000001990 usad 0000000000eng00
020 _a1791310542
090 _aPUS00 G66h
100 1 _aGoodman, Cynthia
245 1 0 _aHans Hofmann
_c/ by Cynthia Goodman
300 _a200 p.
_c/ 29 cm.
500 _aExposición realizada en Whitney Museum of American Art, New York, junio 20 septiembre 16, 1990 \ Incluye cronología del artista e índice\ Donación Fundación Cisneros, Caracas Venezuela, 2010 \ Proyecto Ganador Programa Apoyos Concertados FGAA 2010
501 _aHans Hofmann: a master in search of the real Cynthia Goodman Hans Hofmann: the dialectical master / Irving Sandler Hofmann / Clement Greenberg
600 0 0 _aHOFMANN, HANS, 18801966/
_xTRABAJOS PICTORICOS
650 1 4 _aARTE CONTEMPORANEO ESTADOUNIDENSE
650 1 4 _aARTISTAS PLASTICOS ESTADOUNIDENSES
650 1 4 _xCATALOGOS
650 1 4 _xEXPOSICIONES
650 1 4 _aPINTORES ESTADOUNIDENSES
650 1 4 _aPINTURA AL OLEO
650 1 4 _aPINTURA ESTADOUNIDENSE
999 _c12554
_d12554
260 _aNew York : Whitney Museum of American Art
_c1990